| 000 | 00478nam a22001577a 4500 | ||
|---|---|---|---|
| 999 |
_c15737 _d15737 |
||
| 008 | 201113b ||||| |||| 00| 0 eng d | ||
| 020 | _a9710800876 | ||
| 082 |
_22000 _aDFil 658.8 |
||
| 100 |
_aDel Val, Edgar P. _942552 |
||
| 245 |
_aMarketing management in the Philippine setting/ _cEdgar P. Del Val |
||
| 260 |
_aManila: _bADMU Press, _c2000. |
||
| 300 |
_a221 pages; _c22 cm. |
||
| 500 | _aIncludes index. | ||
| 650 |
_aMarketing management. _942555 |
||
| 942 |
_2ddc _cDFIL |
||